Normal view
MARC view
Entry Personal Name
001 - CONTROL NUMBER
- control field: 14808
003 - CONTROL NUMBER IDENTIFIER
- control field: BD-RjUL
005 - DATE AND TIME OF LATEST TRANSACTION
- control field: 20250117165848.0
008 - FIXED-LENGTH DATA ELEMENTS
- fixed length control field: 250117|| aca||aabn | a|a d
040 ## - CATALOGING SOURCE
- Original cataloging agency: BD-RjUL
- Transcribing agency: BD-RjUL
100 ## - HEADING--PERSONAL NAME
- Personal name: Conrad, Joseph,
- Dates associated with a name: 1857-1924.
- General subdivision: Biography
670 ## - SOURCE DATA FOUND
- Source citation: Work cat.: (BD-RjUL)84599: Stewart, J. I. M. 160521, Joseph Conrad : Selected Library Criticism and the Shadow-Line /, c1986